000 00941nam a22002897a 4500
001 5102
003 FISKH
005 20250530143326.0
008 241106b cb ||||| |||| 00| 0 eng d
020 _a9780531284544
040 _aFISKH
_beng
_cFISKH
_dFISKH
050 _aQC178.M366
082 _a531.14
100 _aManolis, Kay
_d(1977-)
245 _aGravity /
_cby Kay Manolis
250 _aThis edition first published in 2011
260 _aPenn Avenue South :
_bScholastic,
_c2011.
300 _a24 pages :
_bColor illustrations ;
_c23 cm
505 _aR
520 _a"Simple text and full color photographs introduce beginning readers to gravity. Developed by literacy experts for students in kindergarten through third grade"--Provided by publisher.
521 8 _a780L
_bLexile
521 8 _aR
_bRaz-plus
650 _2Science
_aNon-fiction
650 _2January
_aGravity
942 _2ddc
_cBK
_n0
999 _c5102
_d5102